[Event "Jaen op 2nd"]
[Site "Jaen"]
[Date "2014.06.27"]
[Round "1"]
[White "Madera Narvaez, Bernardino"]
[Black "Lalic, Bogdan"]
[Result "0-1"]
[WhiteElo "1882"]
[BlackElo "2480"]
[PlyCount "68"]
[EventDate "2014.06.27"]
[EventType "swiss"]
[EventRounds "9"]
[EventCountry "ESP"]
[SourceTitle "CBM 161 Extra"]
[Source "ChessBase"]
[SourceDate "2014.08.29"]
[SourceVersion "1"]
[SourceVersionDate "2014.08.29"]
[SourceQuality "1"]

1. d4 Nf6 2. c4 e6 3. g3 c5 4. d5 exd5 5. cxd5 b5 6. a4 b4 7. Bg2 d6 8. Nf3 Be7 9. b3 0-0 10. 0-0 Re8 11. Nfd2 Ba6 12. Re1 Nbd7 13. Nc4 Bxc4 14. bxc4 Nb6 15. Nd2 a5 16. Qc2 Nfd7 17. Bb2 Bf6 18. Bxf6 Qxf6 19. e4 Qd4 20. Rac1 Ne5 21. Nf3 Qxc4 22. Qd1 Qd3 23. Nxe5 Qxd1 24. Rexd1 Rxe5 25. f4 Ree8 26. e5 Nxa4 27. Re1 Nc3 28. Kf2 Kf8 29. Re3 a4 30. Ke1 a3 31. Kd2 a2 32. Ra1 Reb8 33. e6 b3 34. Kxc3 b2 0-1